• 首页
  • 本馆介绍
  • 公告通知
  • 最新文献
  • 馆藏检索
  • 电子资源
  • 读者导购
  • 参考咨询
  • 我的图书馆
  • 登录
  • 详细信息显示
  • 放入我的书架
  • 预约/预借图书
  • 作者相关作品
  • 分类相关作品
  • 丛书相关作品
  • 出版社相关作品

书目信息

  • 表格格式
  • 工作单格式
  • 卡片格式
题名:
全国公共图书馆概况
    
 
作者: ;文化部图书馆事业管理局科教处 , 北京图书馆图书馆学研究部 编
分册:  
出版信息: 北京   图书馆服务社  1982
页数: 452页
开本: 19cm
丛书名:
单 册:
中图分类: G258.2
科图分类:
主题词: 图书馆学 , 图书馆事业
电子资源:
ISBN:
000 00842nam0 2200253 45
001 0182003137
005 20040424162404.4
010    @dCNY1.50
100    @a19950629d1982 emky0chiy0121 ea
101 0  @achi
102    @aCN@b110000
105    @ay z 000yy
106    @ar
200 10 @a全国公共图书馆概况@Aquan guo gong gong tu shu guan gai kuang@f文化部图书馆事业管理局科教处,北京图书馆图书馆学研究部编
210    @a北京@c图书馆服务社@d1982
215    @a452页@d19cm
606 0  @a图书馆学
606 0  @a图书馆事业
690    @aG258.2
711 02 @a文化部图书馆事业管理局科教处@Awen hua bu tu shu guan shi ye guan li ju ke jiao chu@4编
711 02 @a北京图书馆图书馆学研究部@Abei jing tu shu guan tu shu guan xue yan jiu bu@4编
801  0 @aCN@b上海图书馆@c20040424
801  2 @aCN@bNLC@c20040424
905    @f2@b129795-796@dG258.2@e4
    
    全国公共图书馆概况/文化部图书馆事业管理局科教处,北京图书馆图书馆学研究部编.-北京:图书馆服务社,1982
    452页;19cm
    
    
    ISBN :CNY1.50
    
●
相关链接 在E读中查询图书 在五车中查询图书 在当当中查询图书 在豆瓣中查询图书


正题名:全国公共图书馆概况     索取号:G258.2/4         预约/预借

序号 登录号 条形码 馆藏地/架位号 状态 备注
1 0129795   000215314   密集书库/ [索取号:G258.2/4] 在馆    
2 0129796   000215270   密集书库/ [索取号:G258.2/4] 在馆    
3 0129797   000215289   第一样本阅览室/ [索取号:G258.2/4] 在馆    
唐山师范学院图书馆 欢迎您!
大连网信软件有限公司© 版权所有